Chargement en cours...

An integrated approach to software engineering /

Détails bibliographiques
Auteur principal: Jalote, Pankaj
Format: Printed Book
Langue:English
Publié: New York : Springer, 2005.
Édition:3rd ed.
Collection:Texts in computer science
Sujets:
Accès en ligne:Publisher description
Table of contents only
LEADER 01957cam a22003734a 4500
001 14017931
003 inmpuc
005 20200930145225.0
008 050628s2005 nyua b 001 0 eng
010 |a  2005050014 
020 |a 038720881X 
040 |a DLC  |c DLC  |d DLC 
042 |a pcc 
050 0 0 |a QA76.758  |b .J35 2005 
082 0 0 |a 005.1 JAL/I  |2 22 
100 1 |a Jalote, Pankaj. 
245 1 3 |a An integrated approach to software engineering /  |c Pankaj Jalote. 
250 |a 3rd ed. 
260 |a New York :  |b Springer,  |c 2005. 
300 |a xiv, 566 p. :  |b ill. ;  |c 24 cm. 
440 0 |a Texts in computer science 
504 |a Includes bibliographical references and index. 
650 0 |a Software engineering. 
856 4 2 |3 Publisher description  |u http://www.loc.gov/catdir/enhancements/fy0662/2005050014-d.html 
856 4 1 |3 Table of contents only  |u http://www.loc.gov/catdir/enhancements/fy0818/2005050014-t.html 
906 |a 7  |b cbc  |c orignew  |d 1  |e ocip  |f 20  |g y-gencatlg 
942 |2 ddc  |c BK 
955 |a pc17 2005-06-28 RUSH to ASCD  |i jf07 2005-06-29  |a jf01 2005-06-30 (Review)  |a aa20 2005-07-01  |a ps07 2005-12-01 1 copy rec'd., to CIP ver.;  |a ja21 2006-05-09 Copy 2 to BCCD 
999 |c 353175  |d 353175 
952 |0 0  |1 0  |2 ddc  |4 0  |6 005_100000000000000_JAL_I  |7 0  |9 408312  |a DCS  |b DCS  |c ST1  |d 2017-09-20  |i 1184  |l 0  |o 005.1 JAL/I  |p DCS1184  |r 2020-09-30  |w 2020-09-30  |y BK 
952 |0 0  |1 0  |2 ddc  |4 0  |6 005_100000000000000_JAL_I  |7 0  |9 408403  |a DCS  |b DCS  |c ST1  |d 2017-09-20  |i 1086  |l 0  |o 005.1 JAL/I  |p DCS1086  |r 2020-10-06  |w 2020-09-30  |y BK 
952 |0 0  |1 0  |2 ddc  |4 0  |6 005_100000000000000_JAL_I  |7 0  |9 408436  |a DCS  |b DCS  |c ST1  |d 2017-09-20  |i 1069  |l 0  |o 005.1 JAL/I  |p DCS1069  |r 2020-10-07  |w 2020-09-30  |y BK 
952 |0 0  |1 0  |2 ddc  |4 0  |6 005_100000000000000_JAL_I  |7 0  |9 408437  |a DCS  |b DCS  |c ST1  |d 2017-09-20  |i 1070  |l 0  |o 005.1 JAL/I  |p DCS1070  |r 2020-10-07  |w 2020-09-30  |y BK 
952 |0 0  |1 0  |2 ddc  |4 0  |6 005_100000000000000_JAL_I  |7 0  |9 408604  |a DCS  |b DCS  |c ST1  |d 2020-10-13  |i 915  |l 0  |o 005.1 JAL/I  |p DCS915  |r 2020-10-13  |w 2020-09-30  |y BK